000 00274nam a2200121Ia 4500
008 240625s9999 xx 000 0 und d
041 _aeng
082 _a658 TOL
100 _aAIMA
245 _aMANAGING NEW INDIA CONNECTING ACROSS GEN
260 _c2008
365 _cRS
_b15
999 _c34336
_d34336